000 00752nam a2200241 a 4500
999 _c5690
_d5690
001 5690
003 BD-JhCC
005 20171227164555.0
008 171219s20032004bg |||| || | 000 0 eng d
035 _a(BD-JhCC)5690
040 _aBD-JhCC
_dBD-JhCC
041 _aeng
082 _a425
_bROZ 2004
100 _aRozario, Philip D'
245 _aCommunicative English Sample (Model) questions' Answers /
_cPhilip D' Rozario, Mohd. Abdus Salam, Mohd. kowsher Jahan Khaled
260 _aঢাকা :
_bসর্বাধুনিক প্রকাশনী,
_c2004.
300 _a432 p. :
_c20 cm.
650 _aEnglish Language
700 _a Salam, Mohd. Abdus
700 _aKhaled, Mohd. kowsher Jahan
942 _2ddc
_cBK